| 000 | 00607nam a2200229Ia 4500 | ||
|---|---|---|---|
| 003 | OSt | ||
| 005 | 20220928150336.0 | ||
| 006 | a|||||r|||| 00| 0 | ||
| 007 | ta | ||
| 008 | 220927b |||||||| |||| 00| 0 eng d | ||
| 024 | _a91315 | ||
| 037 | _cTextual | ||
| 040 |
_aSDCL _cSDCL _beng |
||
| 041 |
_2eng _aeng |
||
| 082 | _aG9Mk RR, N4 | ||
| 100 |
_aKendrew Sir John _9516028 |
||
| 245 | 0 | _aEncyclopedia of molecular biology | |
| 260 | _c1994 | ||
| 700 |
_a Lawrence Eleanor _9516029 |
||
| 942 |
_hG9Mk RR, N4 _cTEXL _2CC |
||
| 999 |
_c841222 _d841222 |
||